[Event "AUTO-OPEN-4632"]
[Site "http://www.queenalice.com/game.php?id=1867438"]
[Date "2025.12.29"]
[Round "1"]
[White "IranSilva"]
[Black "mvson33"]
[Result "0-1"]
[WhiteElo "2279"]
[BlackElo "1942"]

1. Nf3 d5 2. c4 e6 3. d4 Nf6 4. Nc3 Be7 5. Bf4 a6 6. cxd5 Nxd5 7. Nxd5 exd5 8.
e3 O-O 9. Bd3 Bg4 10. h3 Bh5 11. Be2 Nd7 12. Rc1 c6 13. O-O Nf6 14. Ne5 Bxe2 15.
Qxe2 Bd6 16. Nd3 Bxf4 17. Nxf4 Re8 18. b4 Rc8 19. a4 Qd6 20. b5 axb5 21. axb5
Qxf4 22. bxc6 Qb8 23. cxb7 Qxb7 24. Qa2 Rxc1 25. Rxc1 h6 26. Qa4 Qb2 27. Rc6
Qb1+ 28. Kh2 Qb8+ 29. g3 Rc8 30. Ra6 Ne4 31. Qa2 Qb7 32. Ra7 Qc6 33. Ra5 Qc2 34.
Qxc2 Rxc2 35. Rxd5 Rxf2+ 36. Kg1 Rf3 37. Rd8+ Kh7 38. d5 Rxg3+ 39. Kh2 Rxe3 40.
d6 Rd3 0-1

[Event "AUTO-OPEN-4632"]
[Site "http://www.queenalice.com/game.php?id=1867475"]
[Date "2025.12.29"]
[Round "1"]
[White "josebaron"]
[Black "IranSilva"]
[Result "0-1"]
[WhiteElo "2171"]
[BlackElo "2245"]

1. e4 e5 2. Nf3 Nc6 3. Be2 Bc5 4. O-O Nf6 5. Nc3 a6 6. d3 h6 7. Nxe5 Nxe5 8. Nd5
Nxd5 9. exd5 Ba7 10. Re1 O-O 11. d4 Ng6 12. c3 d6 13. Bg4 Bxg4 14. Qxg4 Qc8 15.
Qxc8 Raxc8 16. Be3 Rce8 17. a4 c5 18. dxc6 bxc6 19. a5 f5 20. g3 d5 21. Kg2 Re6
22. b4 Rfe8 23. Bd2 Rxe1 24. Rxe1 Rxe1 25. Bxe1 f4 26. gxf4 Nxf4+ 27. Kf3 Nd3
28. Bd2 Bb8 29. h3 g5 30. Be3 Bf4 0-1

[Event "AUTO-MASTER-3292"]
[Site "http://www.queenalice.com/game.php?id=1867562"]
[Date "2026.1.7"]
[Round "1"]
[White "IranSilva"]
[Black "Tonto"]
[Result "0-1"]
[WhiteElo "2244"]
[BlackElo "2005"]

1. Nf3 b6 2. g3 Bb7 3. Bg2 Nf6 4. O-O e6 5. d3 Bc5 6. c4 Nc6 7. Nc3 O-O 8. Bg5
Be7 9. Rc1 h6 10. Bd2 a6 11. d4 d5 12. cxd5 exd5 13. e3 b5 14. Qe2 Na5 15. Nxd5
Bxd5 16. Bxa5 Bxa2 17. Bxc7 Qd7 18. Ne5 Qe6 19. Ba5 Rac8 20. Nc6 Bc4 21. Nxe7+
Qxe7 22. Qd2 Bxf1 23. Bb4 Qe6 24. Bxf8 Rxc1 25. Qxc1 Bxg2 26. Bxg7 Bh3 27. Bxh6
Qe4 28. f3 Qxf3 0-1

[Event "AUTO-MASTER-3292"]
[Site "http://www.queenalice.com/game.php?id=1867563"]
[Date "2026.1.7"]
[Round "1"]
[White "Tonto"]
[Black "IranSilva"]
[Result "0-1"]
[WhiteElo "2031"]
[BlackElo "2225"]

1. e4 e5 2. Nf3 Nc6 3. Be2 Bc5 4. Nc3 d6 5. O-O Nge7 6. b3 a6 7. Bb2 O-O 8. Na4
Ba7 9. c4 f5 10. d3 fxe4 11. dxe4 Rf4 12. Bd3 Bg4 13. Bc1 Bxf3 14. gxf3 Ng6 15.
Bxf4 Nxf4 16. Kh1 Qh4 17. Rg1 Bxf2 18. Rg4 Qh3 19. Bf1 Qh6 20. c5 Rd8 21. Qd2
Bd4 22. Rc1 dxc5 23. Bc4+ Kh8 24. Bd5 Ne7 25. Bxb7 Rd6 26. Qa5 Qxh2+ 27. Kxh2
Rh6+ 28. Rh4 Rxh4+ 29. Kg3 Rh3+ 30. Kg4 h5+ 31. Kg5 Ne6# 0-1

[Event "AUTO-OPEN-4633"]
[Site "http://www.queenalice.com/game.php?id=1867753"]
[Date "2026.1.9"]
[Round "1"]
[White "SGF"]
[Black "IranSilva"]
[Result "0-1"]
[WhiteElo "1730"]
[BlackElo "2244"]

1. e4 e5 2. Qf3 Nf6 3. d3 Nc6 4. c3 Bc5 5. Be2 h6 6. Qg3 Kf8 7. h4 d5 8. b4 Bd6
9. a4 dxe4 10. b5 Na5 11. Bd1 exd3 12. Qxd3 Be6 13. Ba3 Bc4 14. Qe3 Nd5 15.
Bxd6+ cxd6 16. Qd2 Nf4 17. Bf3 Nd3+ 18. Kd1 Nb3 19. Qa2 Qc7 20. Nd2 Nxa1 21.
Qxa1 Nxf2+ 22. Kc2 Nxh1 23. Nxc4 Qxc4 24. Bxb7 Rb8 25. Bc6 Ke7 26. Nf3 Nf2 27.
Nd2 Qd3+ 28. Kc1 Rhc8 29. g4 Nxg4 30. Ne4 Ne3 31. Qa2 Qd1+ 32. Kb2 Rxc6 33. Qb3
Qxb3+ 34. Kxb3 Nd5 35. c4 Ne3 36. Nd2 d5 37. cxd5 Nxd5 38. Ne4 f5 39. Ng3 Rc3+
40. Kb2 Rxg3 41. h5 Rc8 42. Kb1 Rc4 43. a5 Rh4 44. Kc2 Rh2+ 45. Kd1 Rg1# 0-1

[Event "AUTO-OPEN-4633"]
[Site "http://www.queenalice.com/game.php?id=1867754"]
[Date "2026.1.9"]
[Round "1"]
[White "IranSilva"]
[Black "SGF"]
[Result "1-0"]
[WhiteElo "2257"]
[BlackElo "1741"]

1. Nf3 f6 2. g3 e5 3. d3 Bb4+ 4. Bd2 a5 5. a3 Bxd2+ 6. Nbxd2 b5 7. Bg2 g5 8. e4
d6 9. h3 h5 10. d4 exd4 11. Nxd4 Qd7 12. O-O c5 13. Nf5 Bb7 14. h4 g4 15. f3
gxf3 16. Qxf3 Qxf5 17. Qxf5 Kf7 18. e5 Bxg2 19. Kxg2 dxe5 20. Qxe5 Nd7 21. Qd5+
Ke7 22. Rae1+ Ne5 23. Qxa8 a4 24. Rxe5+ fxe5 25. Qf8+ Ke6 26. Qf7+ Kd6 27. Ne4+
Kc6 28. Qe6+ Kb7 29. Rf7+ Kb8 30. Qe8# 1-0

[Event "AUTO-OPEN-4633"]
[Site "http://www.queenalice.com/game.php?id=1867793"]
[Date "2026.1.9"]
[Round "1"]
[White "IranSilva"]
[Black "delphicoracle"]
[Result "0-1"]
[WhiteElo "2270"]
[BlackElo "2680"]

1. Nf3 f5 2. g3 Nf6 3. Bg2 g6 4. c4 Bg7 5. Nc3 d6 6. d4 O-O 7. O-O c6 8. Re1 Na6
9. Nd2 Be6 10. b3 d5 11. c5 Nh5 12. Nf3 Nxc5 0-1

[Event "AUTO-OPEN-4611"]
[Site "http://www.queenalice.com/game.php?id=1867937"]
[Date "2026.1.14"]
[Round "3"]
[White "josebaron"]
[Black "IranSilva"]
[Result "0-1"]
[WhiteElo "2173"]
[BlackElo "2273"]

1. e4 e5 2. Nf3 Nc6 3. d4 exd4 4. Nxd4 Bc5 5. Nxc6 Qf6 6. Qf3 Qxc6 7. Nc3 Bb4 8.
Bd2 a6 9. Bd3 d6 10. a3 Ba5 11. b4 Bb6 12. Nd5 Ne7 13. Nxe7 Kxe7 14. O-O Be6 15.
Be3 Bxe3 16. Qxe3 f6 17. f4 Kf7 18. f5 Bc4 19. Bxc4+ Qxc4 20. Qd3 Qc6 21. a4
Rhe8 22. Qd5+ Qxd5 23. exd5 Re5 24. c4 Rae8 25. a5 Re4 26. Rac1 Rd4 0-1

[Event "AUTO-OPEN-4611"]
[Site "http://www.queenalice.com/game.php?id=1867938"]
[Date "2026.1.14"]
[Round "3"]
[White "IranSilva"]
[Black "josebaron"]
[Result "0-1"]
[WhiteElo "2278"]
[BlackElo "2187"]

1. Nf3 d5 2. d4 Nf6 3. Bf4 e6 4. e3 Bd6 5. Ne5 O-O 6. Bd3 Bxe5 7. dxe5 Ne4 8.
Qh5 f5 9. exf6 Nxf6 10. Qh4 Nbd7 11. Nc3 e5 12. Bg5 e4 13. Nxe4 dxe4 14. Bxe4 h6
15. Bd5+ Kh8 16. Bxh6 gxh6 17. Qxh6+ Nh7 18. Be4 Qe7 19. Bd3 Ne5 20. Bxh7 Rf6
21. Qh4 Re6 22. Qxe7 Rxe7 23. Bd3 Nxd3+ 24. cxd3 Rg7 25. g3 Bf5 26. d4 Be4 27.
Rg1 Bf3 28. Rc1 b6 29. Rc3 Rd8 30. Kd2 a5 31. Rgc1 Rdd7 32. Kd3 Rge7 33. a3 c5
34. Kc4 Be2+ 35. Kb3 cxd4 36. exd4 Rxd4 37. Rc8+ Kg7 38. R8c7 Rdd7 39. Rxd7 Rxd7
40. Re1 Bd1+ 41. Kc3 a4 42. Re6 b5 43. Rb6 Be2 44. Re6 Bc4 45. Re3 Rf7 46. f4
Rd7 47. h4 Rd1 48. Re5 Rd3+ 49. Kc2 Rxg3 50. Rg5+ Rxg5 51. hxg5 Kg6 52. Kd2 Kf5
53. Ke3 Bb3 54. Kf3 Bd5+ 55. Kg3 Be4 56. Kh4 Kxf4 57. Kh5 Ke3 58. g6 Kd3 0-1

[Event "AUTO-MASTER-3293"]
[Site "http://www.queenalice.com/game.php?id=1867981"]
[Date "2026.1.15"]
[Round "1"]
[White "IranSilva"]
[Black "maurice916"]
[Result "1-0"]
[WhiteElo "2250"]
[BlackElo "1853"]

1. Nf3 c6 2. c4 d5 3. d4 Nf6 4. e3 Bg4 5. cxd5 cxd5 6. Nc3 e6 7. Be2 Be7 8. h3
Bh5 9. O-O O-O 10. Bd2 Nbd7 11. Rc1 Rc8 12. Qb3 b6 13. Nb5 a6 14. Na7 Rxc1 15.
Rxc1 Bd6 16. Nc6 Qa8 17. Nb4 a5 18. Nd3 h6 19. Kf1 Rb8 20. Qb5 Ne4 21. Qxd7
Nxd2+ 22. Nxd2 Bxe2+ 23. Kxe2 Rd8 24. Qb5 Qb8 25. Nf3 Qb7 26. Nfe5 f6 27. Ng6
Kf7 28. Ngf4 Be7 29. Rc6 Rb8 30. Nxe6 Qa7 31. Ndf4 1-0

[Event "AUTO-MASTER-3293"]
[Site "http://www.queenalice.com/game.php?id=1867982"]
[Date "2026.1.15"]
[Round "1"]
[White "maurice916"]
[Black "IranSilva"]
[Result "0-1"]
[WhiteElo "1851"]
[BlackElo "2261"]

1. Nf3 Nf6 2. b3 g6 3. Bb2 Bg7 4. e3 O-O 5. c4 d5 6. d4 c6 7. Be2 h6 8. O-O Be6
9. Nbd2 Nbd7 10. Ne5 Nxe5 11. dxe5 Nd7 12. f4 f6 13. cxd5 Bxd5 14. Nf3 fxe5 15.
Nxe5 Nxe5 16. fxe5 e6 17. Qd2 Qg5 18. Bf3 Bxf3 19. Kh1 Bd5 20. Rg1 Bxe5 21. Bxe5
Qxe5 22. Rad1 Rad8 23. Qe2 Rf6 24. Rde1 Rdf8 25. e4 Rf2 26. Qe3 Rxa2 27. exd5
Qxe3 28. Rxe3 exd5 29. Re7 Rf7 30. Re8+ Kg7 31. Rge1 Rb2 32. Ra8 a6 0-1

[Event "AUTO-OPEN-4634"]
[Site "http://www.queenalice.com/game.php?id=1868026"]
[Date "2026.1.15"]
[Round "1"]
[White "IranSilva"]
[Black "ChessColossos"]
[Result "1-0"]
[WhiteElo "2264"]
[BlackElo "1718"]

1. Nf3 Nf6 2. g3 g6 3. Bg2 Bg7 4. O-O O-O 5. d4 d5 6. Bf4 Nh5 7. Bd2 Bg4 8. h3
Bxf3 9. Bxf3 Nf6 10. Nc3 c6 11. Re1 Nbd7 12. a4 a5 13. Bg5 Re8 14. e4 dxe4 15.
Nxe4 Nxe4 16. Bxe4 h6 17. Be3 Nf6 18. Bg2 Nd5 19. c3 e5 20. dxe5 Bxe5 21. Bxh6
Bg7 22. Rxe8+ Qxe8 23. Bxg7 Kxg7 24. Bxd5 Rd8 25. Qd4+ Kg8 26. Bxf7+ Kxf7 27.
Qb6 1-0

[Event "AUTO-OPEN-4634"]
[Site "http://www.queenalice.com/game.php?id=1868052"]
[Date "2026.1.15"]
[Round "1"]
[White "IranSilva"]
[Black "Magnaroc"]
[Result "1-0"]
[WhiteElo "2263"]
[BlackElo "1886"]

1. Nf3 Nf6 2. g3 g6 3. Bg2 Bg7 4. d4 d5 5. O-O O-O 6. Bf4 Nc6 7. e3 Bg4 8. h3
Bxf3 9. Bxf3 Re8 10. g4 e5 11. dxe5 Nxe5 12. Bg2 c6 13. Nd2 h5 14. g5 Nfd7 15.
Rb1 Nf8 16. b3 Ne6 17. Nf3 Nxf3+ 18. Bxf3 Nxg5 19. Bg2 Ne6 20. Bh2 Qc8 21. c4
dxc4 22. bxc4 Nc5 23. Qc2 Be5 24. f4 Bc7 25. Rfe1 Bb6 26. Kh1 Nd7 27. Bg1 Nf8
28. c5 Bc7 29. Qb3 Rb8 30. Bh2 Ne6 31. Qc4 Qd7 32. Rbd1 Qe7 33. Rc1 Rbd8 34. a4
Rd2 35. Rf1 Ng7 36. e4 Red8 37. f5 gxf5 38. exf5 Bxh2 39. f6 Qc7 40. fxg7 R2d4
41. Qe2 h4 42. Qh5 Kxg7 43. Rf5 Rd1+ 44. Rxd1 Rxd1+ 45. Qxd1 Bg3 46. Qd4+ Kf8
47. Qh8+ Ke7 48. Qf6+ Ke8 49. Rh5 Qe7 50. Rh8+ Kd7 51. Qxe7+ Kxe7 52. Ra8 Bf2
53. Rxa7 Bxc5 54. Rxb7+ Kd8 55. Bxc6 f5 56. Rf7 Kc8 57. Rxf5 1-0

[Event "AUTO-OPEN-4635"]
[Site "http://www.queenalice.com/game.php?id=1868268"]
[Date "2026.1.21"]
[Round "1"]
[White "EdsonEstevam"]
[Black "IranSilva"]
[Result "0-1"]
[WhiteElo "1702"]
[BlackElo "2264"]

1. e4 e5 2. Nf3 Nf6 3. d3 Nc6 4. Bg5 Be7 5. Nc3 d6 6. a3 h6 7. Bxf6 Bxf6 8. Be2
Be6 9. h3 O-O 10. h4 Ne7 11. h5 d5 12. exd5 Nxd5 13. Nxd5 Bxd5 14. g4 e4 15.
dxe4 Bxe4 16. Qxd8 Raxd8 17. c3 Rfe8 18. Rh3 Bd3 19. Nd4 Bc4 20. Re3 Bxd4 21.
Rxe8+ Rxe8 22. cxd4 Rxe2+ 23. Kd1 Rxf2 24. Rc1 Rf1+ 25. Kd2 Rxc1 26. Kxc1 Be2
27. b4 Bxg4 28. Kc2 Bxh5 29. Kc3 Bf3 30. Kc4 h5 0-1

[Event "AUTO-OPEN-4635"]
[Site "http://www.queenalice.com/game.php?id=1868269"]
[Date "2026.1.21"]
[Round "1"]
[White "IranSilva"]
[Black "EdsonEstevam"]
[Result "1-0"]
[WhiteElo "2272"]
[BlackElo "1709"]

1. d4 d5 2. c4 c6 3. Nc3 e6 4. Nf3 Bb4 5. Qc2 Nf6 6. Bg5 h6 7. Bxf6 Qxf6 8. e3
c5 9. cxd5 exd5 10. dxc5 Bf5 11. Bd3 Nc6 12. Bxf5 Bxc3+ 13. bxc3 Rd8 14. Nd4 a6
15. Rb1 Na5 16. Qa4+ Nc6 17. Rxb7 O-O 18. Qxc6 Qg5 19. O-O a5 20. Rfb1 Qh5 21.
h3 Rfe8 22. Rd7 Rc8 23. Qxd5 a4 24. Bh7+ 1-0

[Event "AUTO-OPEN-4635"]
[Site "http://www.queenalice.com/game.php?id=1868300"]
[Date "2026.1.21"]
[Round "1"]
[White "IranSilva"]
[Black "SGF"]
[Result "1-0"]
[WhiteElo "2265"]
[BlackElo "1740"]

1. d4 e6 2. c4 Qf6 3. Nf3 Bb4+ 4. Nc3 h6 5. e4 Nc6 6. e5 Qf5 7. Bd3 Qg4 8. Bf1
Nge7 9. h3 Qe4+ 10. Be2 Nxd4 11. Qxd4 Qxd4 12. Nxd4 a6 13. Bd2 c5 14. Ne4 Bxd2+
15. Kxd2 cxd4 16. Nd6+ Kf8 17. f4 Nf5 18. Nxf5 exf5 19. Kd3 h5 20. h4 b5 21.
cxb5 axb5 22. Kxd4 Bb7 23. Rhg1 Ra4+ 24. Kc5 Rxf4 25. Bxb5 Rxh4 26. Bxd7 Re4 27.
Kd6 Rh6+ 28. Kc7 Ke7 29. Bxf5 Rxe5 30. Rge1 Kf6 31. Rxe5 Kxe5 32. Kxb7 Kxf5 33.
a4 Kg4 34. a5 f5 35. a6 g5 36. a7 Rh7+ 37. Kc6 Rh6+ 38. Kd5 Rh8 39. a8=Q Rxa8
40. Rxa8 Kg3 41. Ke5 f4 42. Rg8 g4 43. Rg5 h4 44. Kf5 f3 45. Rxg4+ Kf2 46. gxf3
h3 47. f4 h2 48. Rh4 Kg2 49. b4 h1=Q 50. Rxh1 Kxh1 51. Ke6 Kg2 52. f5 Kg3 53. f6
Kg4 54. f7 Kf4 55. f8=B Ke4 56. b5 Kd4 57. b6 Kc4 58. b7 Kb5 59. b8=N Kb6 60.
Nd7+ Kb5 61. Kd5 Ka6 62. Kc6 Ka5 63. Nb6 Ka6 64. Nd5 Ka5 65. Bb4+ Ka4 66. Kc5
Kb3 67. Kb5 Kc2 68. Kc4 Kd1 69. Nf4 Kc2 70. Bc3 Kd1 71. Kd3 Kc1 72. Ne2+ Kb1 73.
Nd4 Ka2 74. Bb4 Kb2 75. Kd2 Ka2 76. Kc2 Ka1 77. Ne2 Ka2 78. Nc1+ Ka1 79. Bc3#
1-0

[Event "AUTO-OPEN-4635"]
[Site "http://www.queenalice.com/game.php?id=1868301"]
[Date "2026.1.21"]
[Round "1"]
[White "SGF"]
[Black "IranSilva"]
[Result "0-1"]
[WhiteElo "1739"]
[BlackElo "2262"]

1. e4 e5 2. Qf3 Nc6 3. c3 Nf6 4. d3 Be7 5. Be2 O-O 6. Qg3 Re8 7. h4 Kh8 8. h5 h6
9. a3 d5 10. b4 dxe4 11. b5 exd3 12. bxc6 dxe2 13. Nxe2 bxc6 14. Qxe5 Bxa3 15.
Qf4 Nd5 16. Qxf7 Bxc1 17. O-O Rxe2 18. Rxc1 Qf6 19. Qxf6 gxf6 20. Kf1 Re5 21.
Nd2 Bg4 22. Nf3 Bxf3 23. gxf3 Rxh5 24. Kg2 Rg8+ 25. Kf1 Nf4 26. Ke1 Rd8 27. Rxa7
Rh1# 0-1

[Event "AUTO-MASTER-3294"]
[Site "http://www.queenalice.com/game.php?id=1868512"]
[Date "2026.1.26"]
[Round "1"]
[White "IranSilva"]
[Black "Fauquinelle"]
[Result "1-0"]
[WhiteElo "2274"]
[BlackElo "1997"]

1. d4 f5 2. c4 Nf6 3. Nc3 e6 4. e3 b6 5. Nf3 Bb7 6. Be2 Be7 7. O-O d6 8. Ng5 Qd7
9. d5 exd5 10. cxd5 Nxd5 11. Nxd5 Bxg5 12. b3 Nc6 13. Bb2 Rg8 14. Rc1 O-O-O 15.
Bb5 a6 16. Be2 Ne7 17. Nxb6+ 1-0

[Event "AUTO-OPEN-4636"]
[Site "http://www.queenalice.com/game.php?id=1868594"]
[Date "2026.1.27"]
[Round "1"]
[White "game"]
[Black "IranSilva"]
[Result "0-1"]
[WhiteElo "1731"]
[BlackElo "2272"]

1. e4 e5 2. Nf3 Nf6 3. d3 Nc6 4. Be2 d5 5. Nc3 d4 6. Nb5 a6 7. Na3 Bxa3 8. bxa3
O-O 9. h4 Ng4 10. Bg5 Qd6 11. a4 h5 12. Bd2 f5 13. Ng5 fxe4 14. Nxe4 Qe7 15. Ng5
Nxf2 16. Qb1 Nxh1 17. Bf3 Ng3 18. Qc1 Bg4 19. Be4 Rf1# 0-1

[Event "AUTO-OPEN-4636"]
[Site "http://www.queenalice.com/game.php?id=1868595"]
[Date "2026.1.27"]
[Round "1"]
[White "IranSilva"]
[Black "game"]
[Result "1-0"]
[WhiteElo "2273"]
[BlackElo "1729"]

1. d4 d5 2. c4 dxc4 3. e4 b5 4. Nc3 a6 5. a4 b4 6. Nd5 e6 7. Ne3 Nf6 8. e5 Ne4
9. Bxc4 f6 10. exf6 Qxf6 11. Nf3 g5 12. Ng4 Qf7 13. Bxg5 Bb7 14. Nge5 Qf5 15.
Be3 Nc6 16. Nxc6 Bxc6 17. Ne5 Bd5 18. Bxd5 exd5 19. Qc2 Rc8 20. Qc6+ Ke7 21.
Qxd5 Rd8 22. Nc6+ 1-0

[Event "AUTO-OPEN-4618"]
[Site "http://www.queenalice.com/game.php?id=1868610"]
[Date "2026.1.28"]
[Round "2"]
[White "IranSilva"]
[Black "Capixabba789"]
[Result "1-0"]
[WhiteElo "2263"]
[BlackElo "1836"]

1. d4 d5 2. c4 Nf6 3. Nc3 e6 4. Nf3 Be7 5. e3 c6 6. Bd3 O-O 7. O-O Nbd7 8. cxd5
Nxd5 9. a3 f5 10. Bd2 N7f6 11. Qb3 b5 12. Ne5 Bb7 13. Rac1 a5 14. Nxd5 Nxd5 15.
Nxc6 Bxc6 16. Rxc6 b4 17. Rxe6 a4 18. Qc4 b3 19. Re5 1-0